Вещественно-структурные особенности средне-верхнеюрских отложений северо-западной части Пудинского мегавала (Томская область); Фациальный анализ в нефтегазовой литологии

Sonraí bibleagrafaíochta
Parent link:Фациальный анализ в нефтегазовой литологии.— 2012.— С. 318-331
Príomhchruthaitheoir: Жилина Е. Н. Елена Николаевна
Teanga:Rúisis
Foilsithe / Cruthaithe: 2012
Ábhair:
Formáid: MixedMaterials Caibidil leabhair
KOHA link:https://koha.lib.tpu.ru/cgi-bin/koha/opac-detail.pl?biblionumber=255674

MARC

LEADER 00000naa2a2200000 4500
001 255674
005 20231031215225.0
035 |a (RuTPU)RU\TPU\book\278192 
035 |a RU\TPU\book\278028 
090 |a 255674 
100 |a 20140331d2012 k y0rusy50 ca 
101 0 |a rus 
102 |a RU 
200 1 |a Вещественно-структурные особенности средне-верхнеюрских отложений северо-западной части Пудинского мегавала (Томская область)  |f Е. Н. Жилина 
320 |a Библиогр.: с. 331 (2 назв.) 
463 0 |0 (RuTPU)RU\TPU\book\269418  |t Фациальный анализ в нефтегазовой литологии  |o труды II Регионального совещания, посвященного 100-летию доктора геолого-минералогических наук Л. Н. Ботвинкиной, 2012 г., г. Томск  |f Национальный исследовательский Томский политехнический университет (ТПУ), Институт природных ресурсов (ИПР), Центр подготовки и переподготовки специалистов нефтегазового дела (ЦППС НД) ; гл. ред. В. Б. Белозёров  |v С. 318-331  |d 2012  |p 358 с. 
610 1 |a труды учёных ТПУ 
610 1 |a верхнеюрские отложения 
610 1 |a Пудинский мегавал 
610 1 |a Томская область 
610 1 |a структуры 
610 1 |a текстуры 
610 1 |a вещественный состав 
610 1 |a подугольные толщи 
610 1 |a надугольные толщи 
610 1 |a осадконакопление 
700 1 |a Жилина  |b Е. Н.  |c геолог  |c старший преподаватель Томского политехнического университета  |f 1970-  |g Елена Николаевна  |2 stltpush  |3 (RuTPU)RU\TPU\pers\35466 
801 1 |a RU  |b 63413507  |c 20140314 
801 2 |a RU  |b 63413507  |c 20160330  |g RCR 
942 |c BK